Statistiques concernant Villes des Pyrénées-Orientales en rébus #1

Cliquez ici pour prendre le quiz!

Statistiques générales

  • Ce quiz a été pris 573 fois
  • Le résultat moyen est 3 sur 10

Réponses sur la Carte

Les réponses sont colorées sur une échelle allant du rouge au vert en fonction du pourcentage des utilisateurs qui les ont devinées à leur premier essai. Vous pouvez retrouver ces pourcentages ci-dessous.
 

Statistiques - réponses

Villes% Correct
Perpignan
82%
Mont-Louis
70%
Prades
38%
Vinça
35%
Saint-Cyprien
29%
Claira
28%
Palau-de-Cerdan (Cerdagne)
16%
Torreilles
15%
Estavar
13%
Olette
7%

Distribution des résultats

Percentile par nombre de réponses

% des personnes avec chaque résultat

Votre développement - résultats

Vous n’avez pas pris ce quiz